Diagnostika mikroprocesorových systémů : Svazek 8. Díl 1

Na minha lista:
Detalhes bibliográficos
Formato: Livro
Idioma:tcheco
Publicado em: Praha : ČSVTS, 1985
Tags: Adicionar Tag
Sem tags, seja o primeiro a adicionar uma tag!

MARC

LEADER 00000nam a22000003a 4500
001 stu3692
005 20150408182112.3
008 930426s1985----cs------------------cze-d
040 |a STU  |b slo 
041 0 |a cze 
044 |a cs 
080 |a 681.326.7  |7 stu_us_auth*stu8279 
080 |a 681.518.5 
245 |a Diagnostika mikroprocesorových systémů :  |b Svazek 8. Díl 1 
260 |a Praha :  |b ČSVTS,  |c 1985 
300 |a 226 s 
996 |b E69029  |c I*69029  |l II680  |s A  |a 24  |w stu3692_0001 
996 |b E69030  |c I*69030  |l II680  |s A  |a 24  |w stu3692_0002 
996 |b E69031  |c I*69031  |l II680  |s A  |a 24  |w stu3692_0003 
996 |b E69032  |c I*69032  |l II680  |s A  |a 24  |w stu3692_0004 
996 |b E69033  |c I*69033  |l II680  |s A  |a 24  |w stu3692_0005